000 00618nam a22001937a 4500
005 2012081406316.0
010 _aB-483288
020 _a9788121921978
_c250.00
035 _aB-483288
037 _aR P /Shahdra?
_bK.K.Pub /R/P/Shadra /254/14.8.12
082 _a485
100 _aWren,P.C
_951097
245 _aHigh School English Grammar & Composition/
_cby P.C.Wren and H Martin
260 _aNew Delhi
_bS.Chand
270 _a7361 Ram Nagar
_b New Delhi
300 _aviii,424pg
_c23cm
942 _2ddc
_cEN
_h485
_mWRE
999 _c69035
_d69035